| 000 | 00589cab a2200229 4500 | ||
|---|---|---|---|
| 001 | WB2933-24 | ||
| 008 | 090401t1993 xxu||||| |||| 00| 0 eng d | ||
| 035 | _a(Sirsi) u17809 | ||
| 041 | _aeng | ||
| 245 | _aGreen rates frozen | ||
| 260 | _c1993 | ||
| 350 | _a0 | ||
| 490 |
_aFinancial Times _v10 September 1993, 32(1) |
||
| 520 | _aThere will be no revaluation of the green rate before the end of September 1993. | ||
| 650 | _aDEVALUATION | ||
| 650 | _aEC | ||
| 650 | _aGREEN RATES | ||
| 650 | _aREVALUATION | ||
| 690 | _aRURAL PRACTICE | ||
| 942 | _n0 | ||
| 948 | _c04/03/1997 | ||
| 999 |
_c11814 _d11814 |
||